Entrepreneurship / (Record no. 101883)
[ view plain ]
| 000 -LEADER | |
|---|---|
| fixed length control field | 01084nam a22002657a 4500 |
| 005 - DATE AND TIME OF LATEST TRANSACTION | |
| control field | 20170502151328.0 |
| 010 ## - LCCN (DPL NO) | |
| LC control number | 1617EN ENG-116937 |
| 020 ## - INTERNATIONAL STANDARD BOOK NUMBER | |
| International Standard Book Number | 9780198072638 |
| Terms of availability | 545.00 |
| 035 ## - SYSTEM CONTROL NUMBER | |
| System control number | B-651276-282 |
| 035 ## - SYSTEM CONTROL NUMBER | |
| System control number | B-666229 |
| 035 ## - SYSTEM CONTROL NUMBER | |
| System control number | EN-100469 |
| 037 ## - SOURCE OF ACQUISITION | |
| Source of stock number/acquisition | Pragati |
| Stock number | dpl |
| 037 ## - SOURCE OF ACQUISITION | |
| Source of stock number/acquisition | DBAD/PUB |
| 082 ## - DEWEY DECIMAL CLASSIFICATION NUMBER | |
| Classification number | 658.4210954 |
| 100 ## - MAIN ENTRY--PERSONAL NAME | |
| Personal name | Roy, Rajeev |
| 245 ## - TITLE STATEMENT | |
| Title | Entrepreneurship / |
| Statement of responsibility, etc | by Rajeev Roy |
| 250 ## - EDITION STATEMENT | |
| Edition statement | 2nd ed |
| 260 ## - PUBLICATION, DISTRIBUTION, ETC. (IMPRINT) | |
| Date of publication, distribution, etc | 2016 (rp) |
| Place of publication, distribution, etc | New Delhi |
| Name of publisher, distributor, etc | Oxford University Press |
| 270 ## - ADDRESS | |
| Address | YMCA Library Building, 1, Jai Singh Road, |
| City | New Delhi |
| Postal code | 110001. |
| 300 ## - PHYSICAL DESCRIPTION | |
| Dimensions | 24cm(pbk) : |
| Extent | xvi,571p. |
| Other physical details | ill. |
| 500 ## - GENERAL NOTE | |
| General note | Includes bibliographical references and index |
| 942 ## - ADDED ENTRY ELEMENTS (KOHA) | |
| Item type | English Books |
| Source of classification or shelving scheme | Dewey Decimal Classification |
| Classification part | 658.4210954 |
| Call number suffix | ROY |
| Withdrawn status | Lost status | Not for loan | Collection code | Home library | Current library | Date acquired | Source of acquisition | Cost, normal purchase price | Full call number | Barcode | Copy number | Cost, replacement price | Koha item type |
|---|---|---|---|---|---|---|---|---|---|---|---|---|---|
| Non-fiction | Ashok Vihar | Ashok Vihar | 02/05/2017 | BPPD/EN/2016-17/AV/2016-17/466/15.2.2017/569/28.2.2017/ 10.3.2017 | 545.00 | 658.4210954 ROY | B-666229 | 1 | 545.00 | English Books | |||
| Not For Loan | Non-fiction | D.B.Act.Division | Bawana | 27/12/2016 | DBAD/PUB | 545.00 | 658.4210954 ROY | EN-100469 | 1 | 545.00 | English Books | ||
| Non-fiction | Central Library | Central Library | 07/02/2017 | BPPD/EN/2016-17/300/24.11.2016/IN339/2.12.2016/4.1.2017 | 545.00 | 658.4210954 ROY | B-651276 | 1 | 545.00 | English Books | |||
| Non-fiction | Janak Puri | Janak Puri | 07/02/2017 | BPPD/EN/2016-17/300/24.11.2016/IN339/2.12.2016/4.1.2017 | 545.00 | 658.4210954 ROY | B-651281 | 1 | 545.00 | English Books | |||
| Non-fiction | Kasturba Gandhi Marg | Kasturba Gandhi Marg | 07/02/2017 | BPPD/EN/2016-17/300/24.11.2016/IN339/2.12.2016/4.1.2017 | 545.00 | 658.4210954 ROY | B-651278 | 1 | 545.00 | English Books | |||
| Non-fiction | Patel Nagar | Patel Nagar | 07/02/2017 | BPPD/EN/2016-17/300/24.11.2016/IN339/2.12.2016/4.1.2017 | 545.00 | 658.4210954 ROY | B-651277 | 1 | 545.00 | English Books | |||
| Non-fiction | Peshwa Road | Peshwa Road | 07/02/2017 | BPPD/EN/2016-17/300/24.11.2016/IN339/2.12.2016/4.1.2017 | 545.00 | 658.4210954 ROY | B-651279 | 1 | 545.00 | English Books | |||
| Non-fiction | Sarojini Nagar | Sarojini Nagar | 07/02/2017 | BPPD/EN/2016-17/300/24.11.2016/IN339/2.12.2016/4.1.2017 | 545.00 | 658.4210954 ROY | B-651282 | 1 | 545.00 | English Books | |||
| Non-fiction | Tri Nagar | Tri Nagar | 07/02/2017 | BPPD/EN/2016-17/300/24.11.2016/IN339/2.12.2016/4.1.2017 | 545.00 | 658.4210954 ROY | B-651280 | 1 | 545.00 | English Books |
